|
|
|
|
| LEADER |
00896pam a22002658a 4500 |
| 001 |
00024706 |
| 005 |
20171026081023.0 |
| 008 |
110722s2002 ||||||viesd |
| 020 |
|
|
|c 12000
|
| 041 |
0 |
# |
|a vie
|
| 082 |
1 |
4 |
|a 613
|b B112M
|
| 100 |
1 |
# |
|a Điền Tuệ
|e chủ biên
|
| 245 |
1 |
0 |
|a 72 vấn đề khoa học giảm béo
|c Điền Tuệ; Nguyễn Tiến Chiêm biên dịch
|
| 260 |
# |
# |
|a H.
|b Thanh niên
|c 2002
|
| 300 |
# |
# |
|a 124tr.
|b hình vẽ
|c 19 cm.
|
| 650 |
# |
4 |
|a Bệnh béo
|
| 650 |
# |
4 |
|a Y học
|
| 650 |
# |
4 |
|a Sức khỏe
|
| 650 |
# |
4 |
|a Giảm béo
|
| 700 |
1 |
# |
|a Nguyễn Tiến Chiêm
|e biên dịch
|
| 852 |
# |
# |
|j KD.0010025
|j KM.0005785
|
| 852 |
# |
# |
|b Kho đọc
|j KD.0010025
|
| 852 |
# |
# |
|b Kho mượn
|j KM.0005784, KM.0005785
|
| 910 |
0 |
# |
|a Ntuyet
|d 22/07/2011
|
| 980 |
# |
# |
|a Trung tâm Học liệu Lê Vũ Hùng, Trường Đại học Đồng Tháp
|